| 000 | 00342nam a2200145Ia 4500 | ||
|---|---|---|---|
| 008 | 230917s9999||||xx |||||||||||||| ||und|| | ||
| 040 |
_e28707 _aMAIN |
||
| 041 | _aEnglish | ||
| 082 | _a370.1 M698S | ||
| 100 | _aMittal, M L | ||
| 245 | 0 | _aShiksha siddhant | |
| 260 |
_aMeerut _bLoyal Book Depot _c1998 |
||
| 300 | _axiv,579 p. | ||
| 942 | _cBK | ||
| 999 |
_c99175 _d99175 |
||